La automación y sus consecuencias sociales /
Guardado en:
| Autor Principal: | |
|---|---|
| Formato: | Libro |
| Publicado: |
Bahia Blanca :
Universidad Nacional del Sur,
1962
|
| Materias: | |
| Etiquetas: |
Agregar Etiqueta
Sin Etiquetas, Sea el primero en etiquetar este registro!
|
| LEADER | 00649nam a22002055a 4500 | ||
|---|---|---|---|
| 001 | CEM.cems016127 | ||
| 008 | 130507s1962##################000#0#####d | ||
| 005 | 20210914193058.0 | ||
| 003 | CEMS | ||
| 245 | 1 | 0 | |a La automación y sus consecuencias sociales / |c Lascar Saveanu, |
| 260 | |a Bahia Blanca : |b Universidad Nacional del Sur, |c 1962 | ||
| 300 | |a 24 p. | ||
| 100 | 1 | |a Saveanu, Lascar | |
| 082 | 0 | 4 | |a 331.9 |
| 653 | |a Automacion | ||
| 653 | |a Trabajo y automacion | ||
| 653 | |a Trabajo | ||
| 653 | |a Biblioteca agricu | ||
| 859 | |a CEMS |b BIB. CEMS - Agricultura |h 331.9 |i Sa93 |p A12767.83 |t Ej.1 | ||
| 859 | |a CEMS |b BIB. CEMS - Agricultura |h 331.9 |i Sa93 |p A12768.83 |t Ej.2 | ||
